000 00303nam a22001217a 4500
008 230619b xxu||||| |||| 00| 0 eng d
082 _a080.09
100 _cFrank S Pepper
245 _aDictionary Biographical Quotations
260 _aCairo
_bSahara Printed Co
_c1997
300 _a257p
942 _2ddc
_cBK
999 _c1157
_d1157